Nationalism without a nation in India / (Record no. 123395)

MARC details
000 -LEADER
fixed length control field 00810nam a22002537a 4500
005 - DATE AND TIME OF LATEST TRANSACTION
control field 20170124105924.0
010 ## - LIBRARY OF CONGRESS CONTROL NUMBER
LC control number A-953287
020 ## - INTERNATIONAL STANDARD BOOK NUMBER
Terms of availability 00.00
International Standard Book Number 9788130902265
035 ## - SYSTEM CONTROL NUMBER
System control number A-953287
037 ## - SOURCE OF ACQUISITION
Source of stock number/acquisition Cen Lib/Ret
040 ## - CATALOGING SOURCE
Original cataloging agency DPL
Language of cataloging EN
082 ## - DEWEY DECIMAL CLASSIFICATION NUMBER
Classification number 320.54
100 ## - MAIN ENTRY--PERSONAL NAME
Personal name Aloysius, G.
9 (RLIN) 5795
245 ## - TITLE STATEMENT
Title Nationalism without a nation in India /
Statement of responsibility, etc by G. Aloysius
260 ## - PUBLICATION, DISTRIBUTION, ETC. (IMPRINT)
Place of publication, distribution, etc New Delhi
Name of publisher, distributor, etc Oxford university press
Date of publication, distribution, etc 1997
270 ## - ADDRESS
City New Delhi
300 ## - PHYSICAL DESCRIPTION
Extent 265p.
Dimensions 21cm(Hb)
500 ## - GENERAL NOTE
General note Includes index
650 ## - SUBJECT ADDED ENTRY--TOPICAL TERM
Topical term or geographic name as entry element Nationalism
9 (RLIN) 5796
650 ## - SUBJECT ADDED ENTRY--TOPICAL TERM
Topical term or geographic name as entry element British occupation of India
Chronological subdivision (1765-1947)
9 (RLIN) 5797
650 ## - SUBJECT ADDED ENTRY--TOPICAL TERM
Topical term or geographic name as entry element राष्ट्रवाद
9 (RLIN) 5798
650 ## - SUBJECT ADDED ENTRY--TOPICAL TERM
Topical term or geographic name as entry element भारत के ब्रिटिश कब्जे
Chronological subdivision (1765-1947)
9 (RLIN) 5799
942 ## - ADDED ENTRY ELEMENTS (KOHA)
Source of classification or shelving scheme Dewey Decimal Classification
Koha item type English Books
Classification part 320.54
Call number suffix ALO
Holdings
Withdrawn status Lost status Damaged status Not for loan Home library Current library Date acquired Source of acquisition Cost, normal purchase price Total Checkouts Total Renewals Full call number Barcode Date last seen Date checked out Copy number Cost, replacement price Price effective from Koha item type Source of classification or shelving scheme
        Central Library Central Library 05/06/2015 Cen Lib/Ret 0.00 4 2 320.54 ALO A-953287 10/09/2024 28/08/2024 1 0.00 05/06/2015 English Books  
        Central Library Central Library 20/10/2016   0.00 1   320.54 ALO A-899274 24/11/2021 23/11/2021 2 0.00 20/10/2016 English Books Dewey Decimal Classification

© Delhi Public Library
Hit Counter
free hit counter